000 00595cam a2200145 4500500
005 20260208002342.0
041 _afre
042 _adc
100 1 0 _aDelmas, Corinne
_eauthor
245 0 0 _aEvelyne Samama Les Médecins dans le monde grec. Sources épigraphiques sur la naissance d’un corps médical. Genève, Librairie Droz, 2003, 612 p., bibl., index, corpus des inscriptions
260 _c2005.
500 _a89
786 0 _nL'Homme | 174 | 2 | 2005-06-01 | p. 277w-329w | 0439-4216
856 4 1 _uhttps://shs.cairn.info/revue-l-homme-2005-2-page-277w?lang=fr&redirect-ssocas=7080
999 _c1645969
_d1645969